[Event "Baltija Cup"]
[Site "Palanga"]
[Date "2008.06.18"]
[Round "6"]
[White "Labuckas, Aidas"]
[Black "Daskevics, Vadims"]
[Result "1/2-1/2"]
[WhiteElo "2288"]
[BlackElo "2332"]
[PlyCount "94"]
[EventDate "2008.06.16"]
[EventType "tourn"]
[EventRounds "9"]
[EventCountry "LIE"]
[EventCategory "2"]
[SourceTitle "CBM 125 Extra"]
[Source "ChessBase"]
[SourceDate "2008.09.01"]
[SourceVersion "1"]
[SourceVersionDate "2008.09.01"]
[SourceQuality "1"]

1. Nf3 c5 2. g3 Nc6 3. Bg2 e5 4. d3 g6 5. c4 Bg7 6. Nc3 d6 7. 0-0 Nge7 8. Ne1 0-0 9. Nc2 a5 10. Ne3 Bd7 11. Ned5 Nxd5 12. Nxd5 a4 13. Rb1 Nd4 14. e3 Ne6 15. f4 f5 16. Kh1 Bc6 17. Qe2 exf4 18. gxf4 Re8 19. Qf2 Nc7 20. Nxc7 Qxc7 21. Bf3 Bxf3+ 22. Qxf3 Qc6 23. Kg2 Qxf3+ 24. Kxf3 b5 25. cxb5 Rab8 26. b4 Rxb5 27. Bd2 Reb8 28. a3 d5 29. Rfc1 Bf8 30. Ra1 cxb4 31. axb4 Bxb4 32. Bxb4 Rxb4 33. Rc7 d4 34. Ra7 Re8 35. exd4 Rxd4 36. Ra3 Red8 37. Ke3 Rb4 38. R3xa4 Re8+ 39. Kf3 Rxa4 40. Rxa4 Re7 41. Ra6 Kf7 42. d4 Re4 43. Rd6 Ke7 44. Rd5 Kf6 45. Rd7 Ke6 46. Rd8 Ke7 47. Rd5 Kf6 1/2-1/2

[Event "Four Nations"]
[Site "Oslo"]
[Date "2008.02.16"]
[Round "2.5"]
[White "Haslinger, Stewart"]
[Black "Daskevics, Vadims"]
[Result "1-0"]
[WhiteElo "2495"]
[BlackElo "2331"]
[PlyCount "71"]
[EventDate "2008.02.15"]
[EventType "team"]
[EventRounds "3"]
[EventCountry "NOR"]
[SourceTitle "CBM 122 Extra"]
[Source "ChessBase"]
[SourceDate "2008.03.04"]
[SourceVersion "1"]
[SourceVersionDate "2008.03.04"]
[SourceQuality "1"]
[WhiteTeam "England"]
[BlackTeam "Latvia"]
[WhiteTeamCountry "ENG"]
[BlackTeamCountry "LAT"]

1. e4 c5 2. Nf3 Nc6 3. d4 cxd4 4. Nxd4 Nf6 5. Nc3 d6 6. Bg5 e6 7. Qd2 a6 8. 0-0-0 Bd7 9. f4 h6 10. Bh4 g5 11. fxg5 Ng4 12. Nxc6 Bxc6 13. Be2 Ne5 14. g3 Ng6 15. Kb1 h5 16. Rhf1 Qb6 17. Bc4 Qc5 18. Bb3 Be7 19. Rde1 b5 20. Ne2 Bxe4 21. Nf4 d5 22. Qe2 Nxf4 23. gxf4 Rc8 24. Bf2 Qc7 25. Qd1 a5 26. Bd4 Rg8 27. Rxe4 dxe4 28. c3 Qd6 29. Qxh5 a4 30. Bc2 Qa6 31. Qh7 Rf8 32. Qxe4 b4 33. Bd3 Qd6 34. Qb7 Rc7 35. Bb5+ Kd8 36. Qb8+ 1-0